000
00259nam a2200109Ia 4500
008
190216s9999||||xx |||||||||||||| ||und||
100
_a
Wilfred Brown
245
0
_a
Organisation
260
_b
Heinemann Educational Books Ltd
_c
1971
300
_a
395p
942
_c
BK
999
_c
4512
_d
4512